Bratislava lokalita "Pasienky"

Salvato in:
Dettagli Bibliografici
Autore principale: Barinka, Andrej, 1990- (Autore)
Altri autori: Sopirová, Alžbeta, 1955- (Relatore della tesi)
Natura: Manoscritto Libro
Lingua:slovacco
Pubblicazione: Bratislava 2015
Soggetti:
Accesso online:http://is.stuba.sk/zp/portal_zp.pl?podrobnosti=112704
Tags: Aggiungi Tag
Nessun Tag, puoi essere il primo ad aggiungerne!!

MARC

LEADER 00000ntm a22000003a 4500
001 stuzp51719
003 SK-STU
005 20210304103345.9
007 ta
008 150427s2015----xo-----f-mn---000-0-slo-d
040 |a STU  |b slo 
041 0 |a slo 
100 1 |a Barinka, Andrej,  |d 1990-  |u 056160  |4 aut  |U FAD Fakulta architektúry a dizajnu  |U FAD Fakulta architektúry  |T FA Ústav urbanizmu a územného plánovania  |X 69983  |U A6160  |Y 397  |7 A000069983 
242 0 1 |a Bratislava territory Pasienky  |y eng 
245 1 0 |a Bratislava lokalita "Pasienky" 
260 |c 2015  |a Bratislava 
650 4 |a transformácia  |2 slo 
650 4 |a železničná stanica  |2 slo 
650 4 |a Istrochem  |2 slo 
650 4 |a Istrochem  |2 eng 
650 4 |a transformation  |2 eng 
650 4 |a railway station  |2 eng 
700 1 |a Sopirová, Alžbeta,  |d 1955-  |4 ths  |X 4201  |7 A000004201 
856 4 |u http://is.stuba.sk/zp/portal_zp.pl?podrobnosti=112704  |u https://opac.crzp.sk/?fn=detailBiblioForm&sid=A7BD2F096A49022F25C89937FE46 
SQL |a stuzp51719  |b DDP  |c SLO  |d Bratislava lokalita "Pasienky"  |e 69983  |f Barinka, Andrej  |g 056160  |h 4201  |i Sopirová, Alžbeta  |j 20150604  |k 159  |l 05  |m http://is.stuba.sk/zp/portal_zp.pl?podrobnosti=112704  |n I-URB  |o 5.1.1. architektúra a urbanizmus